| 000 | 01389agaaa2200301 4500 | ||
|---|---|---|---|
| 001 | 8280 | ||
| 003 | IT-RoPAU | ||
| 005 | 20220918181258.0 | ||
| 007 | d cvaizq | ||
| 008 | 50131s9999||||xx ||| | || ||und|| | ||
| 040 |
_aIT-RoPAU _cIT-RoPAU |
||
| 041 | _aITALIANO | ||
| 100 |
_aBunuel Luis _gCodice regista SPICS: 8694 _936748 |
||
| 130 |
_aAGE D'OR (L') _952217 |
||
| 245 |
_aAGE D'OR (L') _cProdotto da: De Noailles Charles -- Sceneggiatura: Bunuel Luis -- Diretto da: Bunuel Luis _pAGE D'OR (L') (Rif. Codice opera principale : 48280) |
||
| 250 | _aEdizione Standard | ||
| 260 |
_aFRANCIA (MESSICO) _bVICOMPTE DE NOAILLES / Distribuzione: RAI _g"1930 (1° ed.: 1987 ; Ed. Lingua Orig.: 1930)" |
||
| 300 |
_aVHS _bsonoro, b&w _c70 minuti |
||
| 508 | _a"Sceneggiatura: Bunuel Luis; " | ||
| 511 | _a"Modot&Gaston; Lys Lya; Ernst Max; Artigas Llorens; Salem Lionel; Noizet Mme" | ||
| 520 | _aFANTASTICO CON-LYA-LYS GASTON-MODOT MAX-ERNSTFILM MUTO CON DIDASCALIE IN ITALIANO SULL'AMORE FOLLE IL PROTAGONISTA COMPIE ALCUNI GESTI SURREALISTI FRA CUI SCHIAFFEGGIARE LA SUA FUTURA SUOCERA | ||
| 538 | _aPAL, STEREO | ||
| 546 | _aITALIANO | ||
| 650 |
_aFANTASTICO _eFILMS [VHS] _xCodice MATERIA SPICS: 9960 _952218 |
||
| 700 |
_aBunuel Luis _e(regista) _gCodice regista SPICS: 8694 _936748 |
||
| 700 |
_aBunuel Luis _e(soggetto) _gCodice Soggetto SPICS: 8694 _952219 |
||
| 942 |
_cVH _2ddc |
||
| 999 |
_c107465 _d107465 |
||